| 000 | 00890nam0a22002411 4500 | ||
|---|---|---|---|
| 001 | rc\257485 | ||
| 005 | 20260407091312.0 | ||
| 035 | _a(NLR Aleph) 005528973 | ||
| 090 |
_a5588837 _c5588837 |
||
| 100 | _a20030307d1990 |||y0rusy50 ca | ||
| 101 | 0 | _arus | |
| 102 | _aRU | ||
| 105 | _ay ||||||||| | ||
| 200 | 1 |
_aНаучно-технические разработки _fСвердлов. горн. ин-т им. В.В. Вахрушева _g[Составители Н.Н.Завьялова, Л.В. Акимова] |
|
| 210 |
_aСвердловск _cСГИ _d1990 |
||
| 215 |
_a126, [1] с. _d20 |
||
| 702 | 1 |
_aЗавьялова _bН.Н. _4220 |
|
| 712 | 0 | 2 |
_aСвердловский горный институт им. В. В. Вахрушева _3RU\NLR\AUTH\8816120 _9305365 |
| 801 | 0 |
_aRU _bNLR _gpsbo |
|
| 801 | 1 |
_aRU _bELAR _2rusmarc |
|
| 852 |
_aNLR _j90-3/12984 |
||
| 942 | _cBOOK | ||
| 980 | _aNB | ||